| 000 | 00801nam a2200205 ar4500 | ||
|---|---|---|---|
| 001 | 3992 | ||
| 005 | 20221127090844.0 | ||
| 008 | 141016s gw a 00010|eng d | ||
| 020 | _a9783843354790(pbk) | ||
| 082 | 0 | 4 |
_a378.04 _bH114 2011 |
| 100 | 1 | _aHabib, Mamun. | |
| 245 | 1 | 0 |
_aFeasibility study-marketing, financial and operational analyais : _bprivate university establishment : global context / _cM. Habib, C. Jungthirapanich. |
| 260 |
_aSaarbrucken, Germany : _bLambert Academic Publishing, _c2011. |
||
| 300 |
_avi, 116 p. : _bill. ; _c23 cm. |
||
| 504 | _aIncludes bibl. references. | ||
| 650 | 4 |
_aPrivate universities and colleges _xHistory. |
|
| 650 | 4 |
_aEducation, Higher _xEconomic aspects. |
|
| 650 | 4 |
_aUniversities and colleges _xResearch. |
|
| 700 | 0 |
_aJungthirapanich, Chamnong, _ejt. auth. |
|
| 999 |
_c3990 _d3990 |
||